| 000 | 00399nam a2200169Ia 4500 | ||
|---|---|---|---|
| 100 | _aStallings/William | ||
| 650 | _aCryptography | ||
| 250 | _a6 | ||
| 942 | _cBK | ||
| 366 | _f25 | ||
| 654 | _acryptography | ||
| 245 | _aCryptography and network security:Principles and practice | ||
| 260 |
_bPearson Education _c2014 |
||
| 082 |
_a5.82 _bSTA |
||
| 300 | _a660 | ||
| 546 |
_aENGLISH _cComputers |
||
| 999 |
_c24119 _d24119 |
||